<?xml version="1.0" encoding="UTF-8"?>
<record
    xmlns:xsi="http://www.w3.org/2001/XMLSchema-instance"
    xsi:schemaLocation="http://www.loc.gov/MARC21/slim http://www.loc.gov/standards/marcxml/schema/MARC21slim.xsd"
    xmlns="http://www.loc.gov/MARC21/slim">

  <leader>04022ngm a22006137a 4500</leader>
  <controlfield tag="006">a|||||s|||||00| 0 </controlfield>
  <controlfield tag="007">tz</controlfield>
  <controlfield tag="008">110616s2006    nyu|||||s|||| 00| 0 eng d</controlfield>
  <datafield tag="082" ind1="0" ind2="4">
    <subfield code="a">791.4372</subfield>
    <subfield code="b">SEV</subfield>
    <subfield code="2">22</subfield>
  </datafield>
  <datafield tag="245" ind1="0" ind2="0">
    <subfield code="a">Seven Samurai</subfield>
    <subfield code="h">[videorecording] /</subfield>
    <subfield code="c">Janus Films ; Toho Co., Ltd. ; produced by Sojiro Motoki ; screenplay by Akira Kurosawa, Shinobu Hashimoto, Hideo Oguni ; directed by Akira Kurosawa.</subfield>
  </datafield>
  <datafield tag="246" ind1=" " ind2=" ">
    <subfield code="a">7 Samurai</subfield>
  </datafield>
  <datafield tag="260" ind1=" " ind2=" ">
    <subfield code="a">[Irvington, N.Y.] : </subfield>
    <subfield code="b">Criterion Collection, 2006.</subfield>
    <subfield code="c">2006</subfield>
  </datafield>
  <datafield tag="300" ind1=" " ind2=" ">
    <subfield code="a">3 videodiscs (207 min.) : </subfield>
    <subfield code="b">sd., b&amp;w ; </subfield>
    <subfield code="c">4 3/4 in. + </subfield>
    <subfield code="e">1 booklet (55 p. : ill. ; 19 cm.) </subfield>
  </datafield>
  <datafield tag="490" ind1=" " ind2=" ">
    <subfield code="9">25383</subfield>
    <subfield code="a">The Criterion Collection;</subfield>
    <subfield code="n">2</subfield>
  </datafield>
  <datafield tag="500" ind1=" " ind2=" ">
    <subfield code="a">Originally released as a motion picture in 1954.</subfield>
  </datafield>
  <datafield tag="500" ind1=" " ind2=" ">
    <subfield code="a">Title and credits from English subtitles, transliterated from the Japanese.</subfield>
  </datafield>
  <datafield tag="500" ind1=" " ind2=" ">
    <subfield code="a">Series numbering from container spine.</subfield>
  </datafield>
  <datafield tag="500" ind1=" " ind2=" ">
    <subfield code="a">Special features: Disc 1: Two audio commentaries--one by film scholars David Desser, Joan Mellen, Stephen Prince, Tony Rayns, and Donald Richie, and one by Japanese-film expert Michael Jeck; theatrical trailers and teaser; gallery of rare posters and behind-the-scenes and production stills ; Disc 2: A 50-minute documentary on the making of 'Seven samurai', created as part of the "Toho masterworks" series "Akira Kurosawa : it is wonderful to create" ; Disc 3: "My life in cinema", a two-hour video conversation between Akira Kurosawa and Nagisa Oshima from 1993, produced by the Directors Guild of Japan; "'Seven samurai': origins and influences", a new documentary looking at the samurai traditions and films that impacted Kurosawa's masterpiece.  Booklet features essays by Kenneth Turan, Peter Cowie, Philip Kemp, Peggy Chiao, Alain Silver, and Stuart Galbraith IV; tributes from Arthur Penn and Signey Lumet; and a reminiscence by Toshiro Mifune.</subfield>
  </datafield>
  <datafield tag="505" ind1=" " ind2=" ">
    <subfield code="t">Disc 1: The film, pt. 1 -- Disc 2: The film, pt. 2 -- Disc 3: The supplements.</subfield>
  </datafield>
  <datafield tag="508" ind1=" " ind2=" ">
    <subfield code="a">Cinematography, Asakazu Nakai ; art director, Takashi Matsuyama; music, Fumio Hayasaka</subfield>
  </datafield>
  <datafield tag="511" ind1=" " ind2=" ">
    <subfield code="a"> 	Toshiro Mifune, Takashi Shimura, Keiko Tsushima, Yukiko Shimazaki, Kamatari Fujiwara, Daisuke Kato, Isao Kimura, Minoru Chiaki, Seiji Miyaguchi, Yoshio Kosugi, Bokuzen Hidari, Yoshio Inaba, Yoshio Tsuchiya.</subfield>
  </datafield>
  <datafield tag="520" ind1=" " ind2=" ">
    <subfield code="a">Tells the story of a sixteenth-century village whose desperate inhabitants hire seven out-of-work warriors to protect them from invading bandits.</subfield>
  </datafield>
  <datafield tag="521" ind1=" " ind2=" ">
    <subfield code="a">Not rated</subfield>
  </datafield>
  <datafield tag="538" ind1=" " ind2=" ">
    <subfield code="a">DVD, region 1, full screen (1.33:1) presentation; Dolby Digital mono., Dolby Digital surround, NTSC, restored high-definition digital transfer.</subfield>
  </datafield>
  <datafield tag="546" ind1=" " ind2=" ">
    <subfield code="a">In Japanese, with optional English subtitles</subfield>
  </datafield>
  <datafield tag="650" ind1=" " ind2=" ">
    <subfield code="9">25384</subfield>
    <subfield code="a">Samurai  </subfield>
    <subfield code="v">Drama</subfield>
    <subfield code="y">16th century </subfield>
  </datafield>
  <datafield tag="651" ind1=" " ind2=" ">
    <subfield code="9">25385</subfield>
    <subfield code="a">Japan  </subfield>
    <subfield code="v">Drama</subfield>
    <subfield code="x">History </subfield>
    <subfield code="y">Period of civil wars, 1480-1603  </subfield>
  </datafield>
  <datafield tag="653" ind1=" " ind2=" ">
    <subfield code="c">June2011</subfield>
  </datafield>
  <datafield tag="655" ind1=" " ind2=" ">
    <subfield code="a">Feature films</subfield>
  </datafield>
  <datafield tag="655" ind1=" " ind2=" ">
    <subfield code="a">Samurai films</subfield>
  </datafield>
  <datafield tag="700" ind1=" " ind2=" ">
    <subfield code="9">25386</subfield>
    <subfield code="a">Motoki, Sojiro</subfield>
    <subfield code="e">pro</subfield>
  </datafield>
  <datafield tag="700" ind1=" " ind2=" ">
    <subfield code="9">25387</subfield>
    <subfield code="a">Kurosawa, Akira</subfield>
    <subfield code="d">1910-1998</subfield>
    <subfield code="e">drt</subfield>
    <subfield code="e">aus</subfield>
    <subfield code="e">flm</subfield>
  </datafield>
  <datafield tag="700" ind1=" " ind2=" ">
    <subfield code="9">25388</subfield>
    <subfield code="a">Hashimoto, Shinobu</subfield>
    <subfield code="d">1918-</subfield>
    <subfield code="e">aus</subfield>
  </datafield>
  <datafield tag="700" ind1=" " ind2=" ">
    <subfield code="9">25389</subfield>
    <subfield code="a">Oguni, Hideo</subfield>
    <subfield code="d">1904-1996</subfield>
    <subfield code="e">aus</subfield>
  </datafield>
  <datafield tag="700" ind1=" " ind2=" ">
    <subfield code="9">25390</subfield>
    <subfield code="a">Hayasaka, Fumio</subfield>
    <subfield code="d">1914-1955</subfield>
    <subfield code="e">cmp</subfield>
  </datafield>
  <datafield tag="700" ind1=" " ind2=" ">
    <subfield code="9">25391</subfield>
    <subfield code="a">Nakai, Asakazu</subfield>
    <subfield code="d">1901-1988</subfield>
    <subfield code="e">cng</subfield>
  </datafield>
  <datafield tag="700" ind1=" " ind2=" ">
    <subfield code="9">25392</subfield>
    <subfield code="a">Matsuyama, Takashi</subfield>
    <subfield code="d">1901-1988</subfield>
    <subfield code="e">ard</subfield>
  </datafield>
  <datafield tag="700" ind1=" " ind2=" ">
    <subfield code="9">25394</subfield>
    <subfield code="a">Mifune, Toshiro</subfield>
    <subfield code="d">1920-1997</subfield>
    <subfield code="e">act</subfield>
  </datafield>
  <datafield tag="700" ind1=" " ind2=" ">
    <subfield code="9">25396</subfield>
    <subfield code="a">Shimura, Takashi</subfield>
    <subfield code="d">1905-1982.</subfield>
    <subfield code="e">act</subfield>
  </datafield>
  <datafield tag="700" ind1=" " ind2=" ">
    <subfield code="9">25397</subfield>
    <subfield code="a">Tsushima, Keiko</subfield>
    <subfield code="e">act</subfield>
  </datafield>
  <datafield tag="700" ind1=" " ind2=" ">
    <subfield code="9">25398</subfield>
    <subfield code="a">Shimazaki, Yukiko</subfield>
    <subfield code="e">act</subfield>
  </datafield>
  <datafield tag="700" ind1=" " ind2=" ">
    <subfield code="9">25399</subfield>
    <subfield code="a">Fujiwara, Kamatari</subfield>
    <subfield code="e">act</subfield>
  </datafield>
  <datafield tag="700" ind1=" " ind2=" ">
    <subfield code="9">25400</subfield>
    <subfield code="a"> Kato, Daisuke</subfield>
    <subfield code="d">1911-1975</subfield>
    <subfield code="e">act</subfield>
  </datafield>
  <datafield tag="700" ind1=" " ind2=" ">
    <subfield code="9">25401</subfield>
    <subfield code="a">Kimura, Isao</subfield>
    <subfield code="d">1923-1981</subfield>
    <subfield code="e">act</subfield>
  </datafield>
  <datafield tag="700" ind1=" " ind2=" ">
    <subfield code="9">25402</subfield>
    <subfield code="a">Chiaki, Minoru</subfield>
    <subfield code="d">1917-1999</subfield>
    <subfield code="e">act</subfield>
  </datafield>
  <datafield tag="700" ind1=" " ind2=" ">
    <subfield code="9">25403</subfield>
    <subfield code="a">Miyaguchi, Seiji</subfield>
    <subfield code="d">1913-1985</subfield>
    <subfield code="e">act</subfield>
  </datafield>
  <datafield tag="700" ind1=" " ind2=" ">
    <subfield code="9">25404</subfield>
    <subfield code="a">Kosugi, Yoshio</subfield>
    <subfield code="e">act</subfield>
  </datafield>
  <datafield tag="700" ind1=" " ind2=" ">
    <subfield code="9">25405</subfield>
    <subfield code="a">Hidari, Bokuzen</subfield>
    <subfield code="e">act</subfield>
  </datafield>
  <datafield tag="700" ind1=" " ind2=" ">
    <subfield code="9">25406</subfield>
    <subfield code="a"> Inaba, Yoshio</subfield>
    <subfield code="e">act</subfield>
  </datafield>
  <datafield tag="710" ind1=" " ind2=" ">
    <subfield code="9">25407</subfield>
    <subfield code="a">Janus Films </subfield>
  </datafield>
  <datafield tag="710" ind1=" " ind2=" ">
    <subfield code="9">25408</subfield>
    <subfield code="a">Criterion Collection (Firm)   </subfield>
  </datafield>
  <datafield tag="710" ind1=" " ind2=" ">
    <subfield code="9">25409</subfield>
    <subfield code="a">Toho Kabushiki Kaisha</subfield>
  </datafield>
  <datafield tag="942" ind1=" " ind2=" ">
    <subfield code="2">ddc</subfield>
    <subfield code="c">CDVDMOV</subfield>
  </datafield>
  <datafield tag="999" ind1=" " ind2=" ">
    <subfield code="c">15605</subfield>
    <subfield code="d">15605</subfield>
  </datafield>
  <datafield tag="952" ind1=" " ind2=" ">
    <subfield code="0">0</subfield>
    <subfield code="1">0</subfield>
    <subfield code="2">ddc</subfield>
    <subfield code="4">0</subfield>
    <subfield code="7">0</subfield>
    <subfield code="8">Baccah</subfield>
    <subfield code="a">MAIN</subfield>
    <subfield code="b">MAIN</subfield>
    <subfield code="c">2ND</subfield>
    <subfield code="d">2011-06-16</subfield>
    <subfield code="e">Purchase</subfield>
    <subfield code="h">12344</subfield>
    <subfield code="l">1</subfield>
    <subfield code="m">1</subfield>
    <subfield code="o">791.4372 SEV</subfield>
    <subfield code="p">000024229</subfield>
    <subfield code="r">2022-08-24 00:00:00</subfield>
    <subfield code="s">2021-01-03</subfield>
    <subfield code="w">2011-06-16</subfield>
    <subfield code="y">CDVDWBB</subfield>
    <subfield code="z">3 DVDs, 321.00 for DVDs+1 Booklet</subfield>
  </datafield>
  <datafield tag="952" ind1=" " ind2=" ">
    <subfield code="0">0</subfield>
    <subfield code="1">0</subfield>
    <subfield code="2">ddc</subfield>
    <subfield code="4">0</subfield>
    <subfield code="7">0</subfield>
    <subfield code="8">Baccah</subfield>
    <subfield code="a">MAIN</subfield>
    <subfield code="b">MAIN</subfield>
    <subfield code="c">2ND</subfield>
    <subfield code="d">2011-06-16</subfield>
    <subfield code="e">Purchase</subfield>
    <subfield code="h">12344</subfield>
    <subfield code="l">0</subfield>
    <subfield code="o">791.4372 SEV</subfield>
    <subfield code="p">000024230</subfield>
    <subfield code="r">2025-07-15 00:00:00</subfield>
    <subfield code="w">2011-06-16</subfield>
    <subfield code="y">BB</subfield>
    <subfield code="z">1 Booklet, 321.00 for DVDs+1 Booklet</subfield>
  </datafield>
</record>
